Loading...
| History - Other | 0 | 5 | 0 | 0 | 50 | 59 | 95.20 | 0 | 1 |
| History - World | 0 | 4 | 2 | 0 | 30 | 80 | 111.50 | 0 | 1 |
| Religion - Christianity/Judaism | 0 | 3 | 0 | 0 | 30 | 28 | 79.67 | 1 | 2 |
| Religion - Hinduism | 0 | 1 | 0 | 0 | 10 | 69 | 69.00 | 0 | 1 |
| Literature - World/Misc poetry | 0 | 1 | 0 | 0 | 10 | 98 | 98.00 | 0 | 0 |
| Science - Compsci | 0 | 1 | 0 | 0 | 10 | 85 | 85.00 | 0 | 1 |
| Science - Engineering | 0 | 1 | 0 | 0 | 10 | 73 | 73.00 | 0 | 0 |
| Science - Physics | 0 | 1 | 0 | 0 | 10 | 91 | 91.00 | 0 | 0 |
| Geography - Asia | 0 | 1 | 0 | 0 | 10 | 85 | 85.00 | 0 | 1 |
| Science - Astronomy | 0 | 1 | 0 | 0 | 10 | 64 | 64.00 | 0 | 1 |
| Other Academic/Cross-Category - Any | 0 | 1 | 0 | 0 | 10 | 108 | 108.00 | 0 | 0 |
| Social Science - Linguistics | 0 | 1 | 0 | 0 | 10 | 70 | 70.00 | 0 | 1 |
| Literature - World/Misc any | 0 | 0 | 0 | 0 | 0 | 0.00 | 0 | 0 | |
| Art - Visual | 0 | 0 | 0 | 0 | 0 | 0.00 | 0 | 0 | |
| Literature - American poetry | 0 | 0 | 0 | 0 | 0 | 0.00 | 0 | 0 | |
| Literature - British short fiction | 0 | 0 | 0 | 0 | 0 | 0.00 | 0 | 0 | |
| Literature - European poetry | 0 | 0 | 0 | 0 | 0 | 0.00 | 0 | 0 | |
| Art - Music/Opera | 0 | 0 | 0 | 0 | 0 | 0.00 | 0 | 0 | |
| Philosophy - 20th century | 0 | 0 | 0 | 0 | 0 | 0.00 | 0 | 0 | |
| Philosophy - Ancient | 0 | 0 | 0 | 0 | 0 | 0.00 | 0 | 0 | |
| Literature - British drama | 0 | 0 | 1 | 0 | -5 | 0.00 | 0 | 0 | |
| Current Events/Modern World - Mixed/Any | 0 | 0 | 1 | 0 | -5 | 0.00 | 0 | 0 | |
| Art - Painting/Sculpture | 0 | 0 | 1 | 0 | -5 | 0.00 | 0 | 0 |